[Event "Reunion op 20th"]
[Site "St Denis"]
[Date "2018.10.15"]
[Round "2"]
[White "Rajaonson, Andriamahenina"]
[Black "Le Maguet, Loan"]
[Result "1/2-1/2"]
[WhiteElo "1822"]
[BlackElo "1420"]
[PlyCount "102"]
[EventDate "2018.10.14"]
[EventType "swiss"]
[EventRounds "9"]
[EventCountry "RUF"]
[SourceTitle "CBM 187 Extra"]
[Source "ChessBase"]
[SourceDate "2018.11.04"]
[SourceVersion "1"]
[SourceVersionDate "2018.11.04"]
[SourceQuality "1"]

1. f4 d5 2. Nf3 c5 3. g3 Nc6 4. Bg2 Nf6 5. 0-0 Bf5 6. d3 e6 7. b3 Be7 8. a4 0-0 9. Nh4 Re8 10. Nd2 Ng4 11. Ndf3 Bf6 12. Rb1 Nd4 13. h3 Nh6 14. e3 Nc6 15. Qe1 Bg6 16. Nxg6 hxg6 17. g4 Be7 18. Bb2 Bf6 19. Ba3 Be7 20. g5 Nf5 21. e4 Nfd4 22. Qf2 a6 23. Ne1 b5 24. axb5 axb5 25. Bc1 Ra2 26. Rb2 Rxb2 27. Bxb2 Qd7 28. Nf3 Rc8 29. Ra1 Nb4 30. Ne1 Nbc6 31. Qd2 c4 32. dxc4 bxc4 33. bxc4 Qb7 34. Bxd4 Nxd4 35. exd5 Qb2 36. Qd1 Ne2+ 37. Qxe2 Qxa1 38. dxe6 Qd4+ 39. Kh1 f6 40. gxf6 gxf6 41. f5 Qxc4 42. Qd1 Qc3 43. Nf3 Qxc2 44. Qd7 Qc1+ 45. Ng1 Qc7 46. Bd5 Kg7 47. fxg6 Qxd7 48. exd7 Rc2 49. Bf7 Rd2 50. Be8 Rd1 51. Kg2 Rxd7 1/2-1/2

[Event "Reunion op 18th"]
[Site "St Denis"]
[Date "2016.10.14"]
[Round "7"]
[White "Le Maguet, Loan"]
[Black "Duprey, Francois Xavier"]
[Result "0-1"]
[WhiteElo "1362"]
[BlackElo "1637"]
[PlyCount "93"]
[EventDate "2016.10.10"]
[EventType "swiss"]
[EventRounds "7"]
[EventCountry "RUF"]
[SourceTitle "CBM 175 Extra"]
[Source "ChessBase"]
[SourceDate "2016.12.12"]
[SourceVersion "1"]
[SourceVersionDate "2016.12.12"]
[SourceQuality "1"]

1. e4 d5 2. exd5 Qxd5 3. Nc3 Qa5 4. Bc4 Nf6 5. d3 Bf5 6. Bd2 Qb6 7. Bb3 c6 8. Nge2 Nbd7 9. 0-0 e6 10. Ng3 Bg6 11. Be3 Qc7 12. Re1 Be7 13. Nce2 0-0 14. d4 Nd5 15. Bd2 c5 16. c3 c4 17. Bc2 Bxc2 18. Qxc2 b5 19. Kh1 N7f6 20. Ng1 Ng4 21. Rf1 Nf4 22. Qe4 Bd6 23. Bxf4 Bxf4 24. N1e2 Bxg3 25. Nxg3 Nf6 26. Qf3 Nd5 27. Rac1 a5 28. Ne2 Rfb8 29. a3 b4 30. cxb4 axb4 31. axb4 Rxb4 32. Nc3 Qd6 33. Nxd5 exd5 34. Rb1 Rab8 35. Rfe1 h6 36. Qc3 Qf4 37. Qc2 Qxd4 38. Red1 Qe5 39. Rd2 Rxb2 40. Qxb2 Rxb2 41. Rdxb2 c3 42. Rc2 Qe4 43. Rbc1 d4 44. Kg1 Kf8 45. g3 Ke7 46. Rxc3 dxc3 47. Rxc3 0-1

[Event "Reunion op 18th"]
[Site "St Denis"]
[Date "2016.10.13"]
[Round "6"]
[White "Jubin, Thierry"]
[Black "Le Maguet, Loan"]
[Result "1/2-1/2"]
[WhiteElo "1690"]
[BlackElo "1362"]
[PlyCount "39"]
[EventDate "2016.10.10"]
[EventType "swiss"]
[EventRounds "7"]
[EventCountry "RUF"]
[SourceTitle "CBM 175 Extra"]
[Source "ChessBase"]
[SourceDate "2016.12.12"]
[SourceVersion "1"]
[SourceVersionDate "2016.12.12"]
[SourceQuality "1"]

1. b3 d5 2. Bb2 Nc6 3. e3 a6 4. f4 Bf5 5. Nf3 e6 6. Be2 Nf6 7. 0-0 Be7 8. a3 0-0 9. Nh4 Bg6 10. Nxg6 fxg6 11. Qe1 Ne4 12. d3 Nd6 13. Nd2 Bf6 14. c3 Nf5 15. Qf2 e5 16. e4 dxe4 17. dxe4 Nd6 18. fxe5 Bxe5 19. Qe3 Qe7 20. Nc4 1/2-1/2

[Event "Reunion op 16th"]
[Site "St Denis"]
[Date "2014.10.18"]
[Round "3"]
[White "Labrande, Jean Donatien"]
[Black "Le Maguet, Loan"]
[Result "0-1"]
[WhiteElo "1372"]
[BlackElo "1280"]
[PlyCount "26"]
[EventDate "2014.10.18"]
[EventType "swiss"]
[EventRounds "9"]
[EventCountry "RUF"]
[SourceTitle "EXT 2015"]
[Source "ChessBase"]
[SourceDate "2014.11.20"]
[SourceVersion "1"]
[SourceVersionDate "2014.11.20"]
[SourceQuality "1"]

1. e4 c5 2. Nf3 d6 3. d4 cxd4 4. Nxd4 Nc6 5. Be3 e5 6. Nxc6 bxc6 7. Nc3 Be6 8. Ba6 Rb8 9. b3 d5 10. Qd3 d4 11. Bd2 dxc3 12. Qxc3 Qc7 13. Be3 Bb4 0-1

[Event "Reunion op 14th"]
[Site "St Denis"]
[Date "2012.10.13"]
[Round "9"]
[White "Le Maguet, Loan"]
[Black "Artigaud, Daniel"]
[Result "0-1"]
[WhiteElo "1270"]
[BlackElo "1430"]
[PlyCount "116"]
[EventDate "2012.10.06"]
[EventType "swiss"]
[EventRounds "9"]
[EventCountry "RUF"]
[SourceTitle "EXT 2013"]
[Source "ChessBase"]
[SourceDate "2012.11.22"]
[SourceVersion "1"]
[SourceVersionDate "2012.11.22"]
[SourceQuality "1"]

1. e4 c6 2. d4 d5 3. Nc3 dxe4 4. Nxe4 Bf5 5. Bd3 Qxd4 6. Ne2 Qd8 7. 0-0 e6 8. N2c3 Nd7 9. Re1 Qc7 10. Qf3 Bxe4 11. Bxe4 Ngf6 12. Bf4 Bd6 13. Bxd6 Qxd6 14. Rad1 Qc7 15. Qg3 Qxg3 16. hxg3 0-0 17. g4 Nxe4 18. Nxe4 Nb6 19. Nd6 Rab8 20. Rd2 h6 21. Red1 Rfd8 22. Ne4 Rxd2 23. Rxd2 Kf8 24. b3 Ke7 25. Kf1 Nd7 26. f4 Nf6 27. Nxf6 Kxf6 28. Rd7 g5 29. g3 a5 30. Ke2 b6 31. Ke3 c5 32. f5 exf5 33. gxf5 Re8+ 34. Kf3 Kxf5 35. Rxf7+ Kg6 36. Rb7 Re6 37. Rd7 Rf6+ 38. Kg4 h5+ 39. Kh3 g4+ 40. Kg2 Re6 41. Kf2 Rf6+ 42. Kg2 Kg5 43. Rd5+ Rf5 44. c4 Kg6 45. Rd6+ Rf6 46. Rxf6+ Kxf6 47. a4 Kg5 48. Kg1 h4 49. gxh4+ Kxh4 50. Kh2 g3+ 51. Kg2 Kg4 52. b4 axb4 53. a5 bxa5 54. Kf1 Kf4 55. Kg2 Ke4 56. Kxg3 Kd4 57. Kf2 Kxc4 58. Ke2 Kc3 0-1

[Event "Reunion op 14th"]
[Site "St Denis"]
[Date "2012.10.12"]
[Round "8"]
[White "Dennemont, Bruno"]
[Black "Le Maguet, Loan"]
[Result "0-1"]
[WhiteElo "1299"]
[BlackElo "1270"]
[PlyCount "90"]
[EventDate "2012.10.06"]
[EventType "swiss"]
[EventRounds "9"]
[EventCountry "RUF"]
[SourceTitle "EXT 2013"]
[Source "ChessBase"]
[SourceDate "2012.11.22"]
[SourceVersion "1"]
[SourceVersionDate "2012.11.22"]
[SourceQuality "1"]

1. e4 e5 2. Nf3 Nc6 3. Bc4 Bc5 4. d3 Nf6 5. Ng5 0-0 6. Bxf7+ Rxf7 7. Nxf7 Kxf7 8. Bg5 d6 9. 0-0 Be6 10. Nc3 Bd4 11. Na4 a6 12. c3 Ba7 13. Kh1 b5 14. b4 bxa4 15. Qxa4 Nb8 16. f4 h6 17. Bh4 Kg8 18. f5 Bd7 19. Qb3+ Kh8 20. Rf3 Qf8 21. Bxf6 Qxf6 22. Qd5 Nc6 23. Rg3 Be8 24. b5 axb5 25. Qxb5 Nd4 26. Qb7 Bc6 27. Qxc7 Nc2 28. Rc1 Bc5 29. Rxc2 Be8 30. h3 Ra7 31. Qc8 Qf7 32. Rb2 Re7 33. a4 Ba7 34. c4 Kh7 35. a5 Rc7 36. Qd8 Qh5 37. Rb1 Rb7 38. Ra1 Bd4 39. Rc1 Rb2 40. Qd7 Bxd7 41. a6 Bc6 42. a7 Rd2 43. Kh2 Rd1 44. Rxd1 Qxd1 45. Rg4 Bf2 0-1

[Event "Reunion op 14th"]
[Site "St Denis"]
[Date "2012.10.10"]
[Round "5"]
[White "Le Maguet, Loan"]
[Black "Cazal, Vincent"]
[Result "0-1"]
[WhiteElo "1270"]
[BlackElo "1490"]
[PlyCount "92"]
[EventDate "2012.10.06"]
[EventType "swiss"]
[EventRounds "9"]
[EventCountry "RUF"]
[SourceTitle "EXT 2013"]
[Source "ChessBase"]
[SourceDate "2012.11.22"]
[SourceVersion "1"]
[SourceVersionDate "2012.11.22"]
[SourceQuality "1"]

1. e4 c6 2. d4 d5 3. Nc3 e6 4. a3 Nd7 5. Bf4 Ngf6 6. Bd3 dxe4 7. Nxe4 Nxe4 8. Bxe4 Nf6 9. Bf3 Bd6 10. Be3 Nd5 11. Bxd5 cxd5 12. Nf3 Qa5+ 13. c3 Qb5 14. Rb1 b6 15. Qc2 Ba6 16. Rd1 Rc8 17. Qd2 0-0 18. Qc2 Rfe8 19. Ng5 g6 20. Nf3 e5 21. Rb1 e4 22. Ng1 Qa5 23. Qd2 Bd3 24. Rc1 Qb5 25. Bh6 f6 26. Be3 g5 27. Ne2 h6 28. Rd1 f5 29. g3 Qc4 30. Nc1 f4 31. gxf4 gxf4 32. Bxf4 e3 33. fxe3 Bxf4 34. Rg1+ Kh8 35. Nxd3 Rxe3+ 36. Kf2 Rf3+ 37. Kxf3 Bxd2 38. Rxd2 Rf8+ 39. Ke2 Re8+ 40. Kd1 Re3 41. Rdg2 Qxd3+ 42. Kc1 Re7 43. Rg4 b5 44. Rh4 Qe3+ 45. Kc2 Qxg1 46. Rxh6+ Kg7 0-1

[Event "Reunion op 13th"]
[Site "St Denis"]
[Date "2011.10.06"]
[Round "6"]
[White "Le Maguet, Loan"]
[Black "Sandjivy, Vivien"]
[Result "1-0"]
[WhiteElo "1009"]
[BlackElo "1080"]
[PlyCount "99"]
[EventDate "2011.10.01"]
[EventType "swiss"]
[EventRounds "9"]
[EventCountry "RUF"]
[SourceTitle "EXT 2012"]
[Source "ChessBase"]
[SourceDate "2011.11.24"]
[SourceVersion "1"]
[SourceVersionDate "2011.11.24"]
[SourceQuality "1"]

1. e4 e5 2. Nf3 Nc6 3. Nc3 Bc5 4. Bc4 Nf6 5. d3 0-0 6. 0-0 d6 7. Bg5 Bg4 8. Nd5 Kh8 9. Nxf6 gxf6 10. Bh6 Rg8 11. Bxf7 Bxf3 12. Qxf3 Rf8 13. Bxf8 Qxf8 14. Qxf6+ Qg7 15. Qxg7+ Kxg7 16. Bd5 Na5 17. c3 c6 18. b4 cxd5 19. bxc5 dxc5 20. exd5 Rd8 21. c4 Kf6 22. Rfe1 a6 23. Rab1 h6 24. Red1 Ke7 25. Re1 Kd6 26. f4 Re8 27. fxe5+ Rxe5 28. Rxe5 Kxe5 29. Kf2 Kd6 30. Ke2 Kc7 31. Kd2 b5 32. cxb5 axb5 33. Rxb5 Nb7 34. a4 Kb8 35. d6 Ka8 36. d7 h5 37. Rxc5 Ka7 38. Rc7 Kb8 39. Rc1 Ka7 40. Rc7 Kb8 41. Rxb7+ Kxb7 42. d8Q h4 43. Qd6 h3 44. gxh3 Ka8 45. Qd7 Kb8 46. h4 Ka8 47. h5 Kb8 48. h6 Ka8 49. h7 Kb8 50. h8R# 1-0

[Event "Reunion op 13th"]
[Site "St Denis"]
[Date "2011.10.03"]
[Round "4"]
[White "Le Maguet, Loan"]
[Black "Esnault, Hadrien"]
[Result "0-1"]
[WhiteElo "1009"]
[BlackElo "1099"]
[PlyCount "44"]
[EventDate "2011.10.01"]
[EventType "swiss"]
[EventRounds "9"]
[EventCountry "RUF"]
[SourceTitle "EXT 2012"]
[Source "ChessBase"]
[SourceDate "2011.11.24"]
[SourceVersion "1"]
[SourceVersionDate "2011.11.24"]
[SourceQuality "1"]

1. e4 e5 2. Nf3 Nc6 3. Nc3 Nf6 4. Bc4 Bb4 5. d3 0-0 6. Bd2 Bxc3 7. Bxc3 d6 8. h3 a6 9. 0-0 b5 10. Bd5 Nxd5 11. exd5 Nd4 12. Nxd4 exd4 13. Bxd4 Bb7 14. Qg4 g6 15. Qf4 Re8 16. Bc3 Kf8 17. Qh6+ Ke7 18. Rae1+ Kd7 19. Qg7 Rxe1 20. Rxe1 Bxd5 21. Qxh7 Qg5 22. Bg7 Qxg2# 0-1

[Event "Reunion op 13th"]
[Site "St Denis"]
[Date "2011.10.01"]
[Round "1"]
[White "Han Yee Yu, Jerome"]
[Black "Le Maguet, Loan"]
[Result "1-0"]
[WhiteElo "1581"]
[BlackElo "1009"]
[PlyCount "111"]
[EventDate "2011.10.01"]
[EventType "swiss"]
[EventRounds "9"]
[EventCountry "RUF"]
[SourceTitle "EXT 2012"]
[Source "ChessBase"]
[SourceDate "2011.11.24"]
[SourceVersion "1"]
[SourceVersionDate "2011.11.24"]
[SourceQuality "1"]

1. e4 e5 2. Nf3 Nc6 3. Nc3 Nf6 4. d3 d6 5. Bg5 Be7 6. Be2 Bg4 7. Qd2 Qd7 8. h3 Bxf3 9. Bxf3 Nd4 10. Be2 h6 11. Be3 Nxe2 12. Qxe2 d5 13. exd5 Nxd5 14. Nxd5 Qxd5 15. Qg4 Rh7 16. Qe4 Qxe4 17. dxe4 0-0-0 18. 0-0 g5 19. Rad1 Rg7 20. Rxd8+ Bxd8 21. f3 h5 22. Bxa7 g4 23. hxg4 hxg4 24. Be3 Bg5 25. Bxg5 Rxg5 26. f4 exf4 27. Rxf4 g3 28. Rxf7 Rg8 29. Rf3 Rg4 30. Re3 Rg6 31. e5 Re6 32. Kf1 Kb8 33. Ke2 Rg6 34. e6 Rg8 35. e7 Re8 36. Kf3 Kc8 37. Kxg3 Kd7 38. Kf4 Rxe7 39. Rxe7+ Kxe7 40. Kf5 Kf7 41. g4 Kg7 42. g5 Kf7 43. g6+ Kg7 44. Kg5 Kg8 45. Kf6 Kf8 46. g7+ Kg8 47. b4 c6 48. c4 b5 49. c5 Kh7 50. Kf7 Kh6 51. g8Q Kh5 52. Kf6 Kh4 53. Kf5 Kh3 54. Kf4 Kh2 55. Kf3 Kh1 56. Qg2# 1-0